Größte Städte in Hessen nach Buchstabe - Statistiken

Allgemein
  • Dieses Quiz wurde 129 mal gespielt
  • Das Durchschnittsergebnis liegt bei 11 aus 23
Antwortstatistiken
Hint Antwort % Korrekt
F Frankfurt am Main
100%
K Kassel
94%
W Wiesbaden
90%
D Darmstadt
86%
G Gießen
83%
H Hanau
82%
M Marburg
80%
O Offenbach am Main
80%
B Bad Homburg vor der Höhe
57%
R Rüsselsheim am Main
44%
L Langen
35%
A Alsfeld
31%
I Idstein
29%
N Neu-Isenburg
26%
T Taunusstein
25%
P Pfungstadt
23%
V Viernheim
23%
E Eschborn
20%
U Usingen
20%
S Seligenstadt
17%
Z Zwingenberg
13%
J Jossgrund
5%
C Calden
3%
Keine übereinstimmenden Quizze gefunden
Verteilung der Resultate
Anzahl Personen mit jedem Resultat
Perzentil nach korrekt beantworteten Fragen
Ihre Resultats-Entwicklung
Sie haben dieses Quiz noch nicht gespielt